000 00633nam a2200241Ia 4500
003 OSt
005 20221006144707.0
006 a|||||r|||| 00| 0
007 ta
008 221006b |||||||| |||| 00| 0 eng d
020 _c
_4.50 (each)
024 _a12,390
037 _cTextual
040 _aEASL
_cEASL
_beng
041 _2eng
_aeng
082 _aV41.N54, J6;1
100 _aKUO Ping-Chis
_9652626
245 0 _aChina
_b New age and new outlook
260 _aNew York
_bAlfred A Knope
_c1956
300 _a231p.
_ccm.
942 _hV41.N54, J6;1
_cTEXL
_2CC
999 _c1080476
_d1080476